El siglo XX : Europa 1918-1945 / [por] R. C. A. Parker ; tr. por Joaquín Maestre

保存先:
書誌詳細
第一著者: Parker, R. A. C. (autor)
フォーマット: 図書
版:2a ed.
シリーズ:Historia Universal Siglo XXI ; vol. 34
主題:
タグ: タグ追加
タグなし, このレコードへの初めてのタグを付けませんか!

MARC

LEADER 00000nam^a2200000^u^4500
001 000544782
005 20250521000000.0
008 060220s1000^^^^^^^^^^^^r^^^^^000^0^spa^d
009 20260310131335.167
035 |a FMI 000014052 
037 |a Acervo Xavier Clavigero 
096 |a 3.4/32/B 
100 |a Parker, R. A. C.  |e (autor) 
245 1 3 |a El siglo XX : Europa 1918-1945 / [por] R. C. A. Parker ; tr. por Joaquín Maestre 
250 |a 2a ed. 
264 |a México : Siglo XXI, 1978 
300 |a 440 p. 
336 |a texto  |b txt  |2 rdacontenido 
337 |a sin mediación  |b n  |2 rdamedio 
338 |a volumen  |b nc  |2 rdasoporte 
440 0 |a Historia Universal Siglo XXI ; vol. 34 
597 |a Traducido de: Das zwanzigste jahrhundert 
649 |a XX 
650 |a Historia Universal 
910 |a Fondo Francisco Migoya Covarrubias S.J. 
920 |a Impresos - Libros 
930 |a Fondos Especiales 
905 |a 134 
901 |a SBC02604  |b IT2  |c ESP  |u 20250521 
902 |a https://opac.biblio.iteso.mx/vufind/Record/000544782